000 00745nam a2200217Ia 4500
003 GCL
008 140319s9999 xx 000 0 ara d
040 _aGCL /
_cGCL
082 0 4 _aد
_b050
_bم ه
100 1 _aالهيئة المصرية العامة للكتاب
245 1 0 _aمجلة الجامعة المصرية /
_cالهيئة المصرية العامة للكتاب
260 _aالقاهرة :
_bالهيئة المصرية العامة للكتاب ،
_c1909
300 _aمتعدد
650 0 4 _aتاريخ
650 0 4 _aالادب
650 0 4 _aالحضارة الاسلامية
650 0 4 _aالحضارة القديمة
650 0 4 _aمقالات
650 0 4 _aالمقالات - مجموعات
942 _2ddc
_cCF
999 _c27117
_d27117